Property (Record no. 77683)
[ view plain ]
| 000 -LEADER | |
|---|---|
| fixed length control field | 00775cab a2200205 4500 |
| 001 - CONTROL NUMBER | |
| control field | ##L134867 |
| 008 - FIXED-LENGTH DATA ELEMENTS--GENERAL INFORMATION | |
| fixed length control field | 060907n2006 000 0 eng u |
| 035 ## - SYSTEM CONTROL NUMBER | |
| System control number | (Sirsi) u134867 |
| 041 0# - LANGUAGE CODE | |
| Language code of text/sound track or separate title | eng |
| 245 00 - TITLE STATEMENT | |
| Title | Property |
| Remainder of title | problems with trees and subsidence |
| 260 ## - PUBLICATION, DISTRIBUTION, ETC. | |
| Date of publication, distribution, etc. | 2006 |
| 490 #0 - SERIES STATEMENT | |
| Series statement | EMIS Property Service |
| Volume/sequential designation | 4(8) August 2006, 3-5(3) |
| 520 ## - SUMMARY, ETC. | |
| Summary, etc. | Examines the problem of subsidence caused by trees, and the issue of giving notice before carrying out work caused by the encroachment of tree roots. Discusses case law in relation to these questions. |
| 590 ## - LOCAL NOTE (RLIN) | |
| Local note | IKA190906 |
| 651 #4 - SUBJECT ADDED ENTRY--GEOGRAPHIC NAME | |
| Geographic name | England and Wales |
| Chronological subdivision | 1543- |
| 690 ## - LOCAL SUBJECT ADDED ENTRY--TOPICAL TERM (OCLC, RLIN) | |
| Topical term or geographic name as entry element | BUILT ENVIRONMENT-BUILDING PATHOLOGY-SUBSIDENCE |
| 700 1# - ADDED ENTRY--PERSONAL NAME | |
| Personal name | Swerling, Leon |
| Relator term | editor |
| 700 1# - ADDED ENTRY--PERSONAL NAME | |
| Personal name | Kilcoyne, Desmond |
| Relator term | editor |
| 942 ## - ADDED ENTRY ELEMENTS (KOHA) | |
| Suppress in OPAC | 0 |
| Withdrawn status | Lost status | Source of classification or shelving scheme | Damaged status | Not for loan | Home library | Current library | Shelving location | Date acquired | Total Checkouts | Full call number | Barcode | Date last seen | Copy number | Price effective from | Koha item type |
|---|---|---|---|---|---|---|---|---|---|---|---|---|---|---|---|
| Dewey Decimal Classification | London | London | Journal article | 07/09/2006 | L134867 | 134867-1001 | 06/08/2019 | 1 | 06/08/2019 | Journal article |